000 01407nam a22002297a 4500
005 20240127123607.0
008 240125b ||||| |||| 00| 0 eng d
020 _a9789352133666
040 _cAL
041 _aEnglish
082 _223
_a006.7
_bBARW
100 _aDeane Barker
_9149260
245 _aWeb Content Management: Systems Features and Best Practices
260 _aMumbai
_b Shroff Publishers and Distributors
_c2016
300 _axxii,352 p.
_bPB
_c23x18 cm.
365 _a7388
_b₹1200.00
_c
_d₹1500.00
_e20%
_f24-01-2024
520 _aWeb Content Management Looking to select a web content management system (CMS), but confused about the promises, terminology, and buzzwords? Do you want to understand content management without having to dive into the underlying programming? This book provides a clear, unbiased overview of the entire web content management ecosystem, from platforms to implementations, without needing deeply technical knowledge. The information in "Web Content Management" will give you a foundation of understanding necessary to make better decisions about platforms, features, architectures, and implementation methods to ensure your project solves the right problems and positions your organizations for future success.
650 _aWeb sites Design
_9149187
650 _aWeb site Development
_9149188
700 _aBARKER (Deane)
_9149189
942 _2ddc
_cBK
999 _c229683
_d229683